| 000 | 00785cam a2200157 a 4500 | ||
|---|---|---|---|
| 999 |
_c4009 _d4009 |
||
| 020 | _a0070699976 | ||
| 020 | _a9780070699977 | ||
| 050 |
_a KF1600 _b .W47 1992 |
||
| 100 | _aWhitman, Douglas. | ||
| 245 |
_aThe legal environment of business : _b regulatory law and contracts / _cDouglas Whitman, John William Gergacz, Murray Levin. |
||
| 260 |
_aNew York : _bMcGraw-Hill, _c1992. |
||
| 300 |
_axxix, 747 p. : _b ill. ; _c25 cm. |
||
| 505 | _aPart 1. Introduction to law and business Part 2. The American legal system Part 3. The Common law foundation: Torts and Contracts Part 4. Legal aspects of the firm and the regulation of its power Part 5. Regulation of Business activity Part 6. International regulation of business activity | ||
| 650 | _aTrade regulation | ||
| 942 | _cBK | ||